000 00702nam a2200289Ia 4500
005 20260324114407.0
008 008 260324s9999 xx 000 0 eng d
020 _a9781003176367
037 _aEBOOK
040 _aCRL
040 _beng
040 _cCRL
041 _2eng
041 _aeng
084 _qCRL
100 _aHitoshi Iba
_91065687
245 0 _aSwarm Intelligence and Deep Evolution
245 0 _bEvolutionary Approach to Artificial Intelligence
260 _bTaylor and Francis
260 _c2022
365 _a
365 _b370
856 _uhttp://www.taylorfrancis.com/books/9781003176367
942 _cEBOOK
999 _c1740759
_d1740759